| 000 | 00611nam a22001935i 4500 | ||
|---|---|---|---|
| 001 | 98926 | ||
| 003 | ES-MaACL | ||
| 007 | t| | ||
| 008 | 950919s1869 gw ||||1| eng d | ||
| 040 |
_aCAM _bspa _cCAM |
||
| 100 | 1 |
_aRoberts, Margaret. _997838 |
|
| 245 | 1 | 0 |
_aOn the edge of the storm / _cby the author of "Mademoiselle Mori" [i.e. Margaret Roberts]. |
| 260 |
_aLeipzig : _bBernhard Tauchnitz, _c1869. |
||
| 300 |
_a344 p. ; _c17 cm. |
||
| 490 | 1 |
_aCollection of British authors ; _v1025 |
|
| 830 | 0 |
_aCollection of British authors ; _v1025 _9180703 |
|
| 852 |
_aES-MaACL _jG-13072 |
||
| 999 |
_c98926 _d98926 |
||